000 00808aam a2200301 4500
005 20240712164842.0
008 150504b2001 cr ||||| |||| 00| 0 en d
020 _a996870248x
041 _aESP
041 _aING
082 _a582.16 Ch512a
100 _aChavarría, Ulises
_935038
100 _aGonzález, José
_928361
100 _aZamora, Nelson
_927745
245 _aÁrboles comunes del Parque Nacional Palo Verde = Common Trees of Palo Verde National Park
260 _aCosta Rica
260 _bINBio
260 _c2001
300 _a220 páginas
505 _aContiene ilustraciones
650 _aÁRBOLES
650 _aPARQUES NACIONALES DE COSTA RICA
650 _aPARQUE NACIONAL PALO VERDE
650 _aGUANACASTE
650 _aPLANTAS
942 _cBK
_2ddc
999 _c5119
_d5119